• 首页
  • 本馆介绍
  • 公告通知
  • 最新文献
  • 馆藏检索
  • 电子资源
  • 读者导购
  • 参考咨询
  • 我的图书馆
  • 登录
  • 详细信息显示
  • 放入我的书架
  • 预约/预借图书
  • 作者相关作品
  • 分类相关作品
  • 丛书相关作品
  • 出版社相关作品

书目信息

  • 表格格式
  • 工作单格式
  • 卡片格式
题名:
中国西部山区流域综合治理研究
    
 
作者: 陈亚宁 , 周金星 著
分册:  
出版信息: 北京   科学出版社  2006
页数: 372页
开本: 26cm
丛书名:
单 册:
中图分类: TV882.84 , TV882.87
科图分类:
主题词: 山区--流域综合治理--研究--西北地区 , 山区--流域综合治理--研究--西南地区 , 山区 , 流域综合治理
电子资源:
ISBN: 7-03-017545-X
000 01234nam0 2200325 450
001 003264168
005 20070805145559.07
010    @a7-03-017545-X@dCNY68.00
035    @a003264168
100    @a20060104d2006 em y0chiy0110 ea
101 0  @achi
102    @aCN@b110000
105    @ay z 000yy
106    @ar
200 1  @a中国西部山区流域综合治理研究@Azhong guo xi bu shan qu liu yu zong he zhi li yan jiu@f陈亚宁,周金星等著@Fchen ya ning, zhou jin xing deng zhu
210    @a北京@c科学出版社@d2006
215    @a372页@d26cm
312    @a封面英文题名:Integrated management of mountain catchment in Western China
330    @a本书从理论和实践两方面详细、系统地阐述了山区流域综合治理的理论体系,以及青藏高原、黄土高原、长江上游山区及新疆天山地区典型流域综合治理成功的模式与具体技术措施。
510 1  @aIntegrated management of mountain catchment in Western China@zeng
606 0  @a山区@x流域综合治理@x研究@y西北地区
606 0  @a山区@x流域综合治理@x研究@y西南地区
606 0  @a山区
606 0  @a流域综合治理
690    @aTV882.84@v4
690    @aTV882.87@v4
701  0 @a陈亚宁@Achen ya ning@f(1958~)@4著
701  0 @a周金星@Azhou jin xing@4著
801  0 @aCN@bNLC@c20070805
905    @dTV882.84@e49@f4
    
    中国西部山区流域综合治理研究/陈亚宁,周金星等著.-北京:科学出版社,2006
    372页;26cm
    
    
    ISBN 7-03-017545-X:CNY68.00
    本书从理论和实践两方面详细、系统地阐述了山区流域综合治理的理论体系,以及青藏高原、黄土高原、长江上游山区及新疆天山地区典型流域综合治理成功的模式与具体技术措施。
●
相关链接 在E读中查询图书 在五车中查询图书 在当当中查询图书 在豆瓣中查询图书


正题名:中国西部山区流域综合治理研究     索取号:TV882.84/49         预约/预借

序号 登录号 条形码 馆藏地/架位号 状态 备注
1 0852023   208520233   第二样本阅览室/ [索取号:TV882.84/49] 在馆    
2 0852024   208520242   第三借阅区/ [索取号:TV882.84/49] 在馆    
3 0852025   208520251   第三借阅区/ [索取号:TV882.84/49] 在馆    
4 0852026   208520260   第三借阅区/ [索取号:TV882.84/49] 在馆    
唐山师范学院图书馆 欢迎您!
大连网信软件有限公司© 版权所有